The religions of man. (Record no. 1006)
[ view plain ]
| 000 -LEADER | |
|---|---|
| fixed length control field | 00682cam a2200265I 4500 |
| 001 - CONTROL NUMBER | |
| control field | 82139 |
| 003 - CONTROL NUMBER IDENTIFIER | |
| control field | GBCCL |
| 005 - DATE AND TIME OF LATEST TRANSACTION | |
| control field | 20241126110351.0 |
| 008 - FIXED-LENGTH DATA ELEMENTS--GENERAL INFORMATION | |
| fixed length control field | 751209n19641958nyu 000 0 eng u |
| 015 ## - | |
| -- | GB65-3967 |
| 029 1# - | |
| -- | UKM |
| -- | b6503967 |
| 035 ## - SYSTEM CONTROL NUMBER | |
| System control number | (OCoLC)01883301 |
| 040 ## - CATALOGING SOURCE | |
| Transcribing agency | SVP |
| Modifying agency | UKM |
| -- | ECL |
| 049 ## - | |
| -- | LBBK |
| 082 ## - DEWEY DECIMAL CLASSIFICATION NUMBER | |
| Classification number | 200 |
| Item number | SMI |
| 090 ## - LOCALLY ASSIGNED LC-TYPE CALL NUMBER (OCLC); LOCAL CALL NUMBER (RLIN) | |
| Classification number (OCLC) (R) ; Classification number, CALL (RLIN) (NR) | BL80 |
| Local cutter number (OCLC) ; Book number/undivided call number, CALL (RLIN) | .S66 1964 |
| 100 1# - MAIN ENTRY--PERSONAL NAME | |
| Personal name | Smith, Huston. |
| 9 (RLIN) | 1689 |
| 245 14 - TITLE STATEMENT | |
| Title | The religions of man. |
| 250 ## - EDITION STATEMENT | |
| Edition statement | First Harper Colophon ed. |
| 260 ## - PUBLICATION, DISTRIBUTION, ETC. | |
| Place of publication, distribution, etc. | New York, |
| Name of publisher, distributor, etc. | Harper Colophon Books |
| Date of publication, distribution, etc. | [1965, c1958] |
| 300 ## - PHYSICAL DESCRIPTION | |
| Extent | xi, 328 p. |
| Dimensions | 21 cm. |
| 504 ## - BIBLIOGRAPHY, ETC. NOTE | |
| Bibliography, etc. note | Includes bibliography. |
| 650 #0 - SUBJECT ADDED ENTRY--TOPICAL TERM | |
| Topical term or geographic name entry element | Religions. |
| 9 (RLIN) | 261 |
| 942 ## - ADDED ENTRY ELEMENTS (KOHA) | |
| Source of classification or shelving scheme | Dewey Decimal Classification |
| Koha item type | Books |
| Koha issues (borrowed), all copies | 13 |
| Withdrawn status | Lost status | Source of classification or shelving scheme | Damaged status | Not for loan | Home library | Current Library | Shelving location | Date acquired | Total checkouts | Full call number | Barcode | Date last seen | Date last checked out | Copy number | Price effective from | Koha item type |
|---|---|---|---|---|---|---|---|---|---|---|---|---|---|---|---|---|
| Dewey Decimal Classification | GRACE BIBLE COLLEGE | GRACE BIBLE COLLEGE | Philosophy and Religion | 2017-04-03 | 17 | 200 SMI | 000318 | 2025-09-17 | 2025-09-10 | c.1 | 2017-04-03 | Books |